| 000 -ლიდერი |
| ფიქსირებული სიგრძის საკონტროლო ველი |
01106nam a22002297a 4500 |
| 003 - საკონტროლო ნომრის იდენტიფიკატორი |
| საკონტროლო ველი |
Ge_BSU |
| 005 - ბოლო ოპერაციის თარიღი და დრო |
| საკონტროლო ველი |
20230612123447.0 |
| 008 - ფიქსირებული სიგრძის მონაცემთა ელემენტები - ზოგადი ინფორმაცია |
| ფიქსირებული სიგრძის საკონტროლო ველი |
230612s1989 ge ||||| |||| 00| 0 geo d |
| 020 ## - წიგნის საერთაშორისო სტანდარტული ნომერი |
| International Standard Book Number |
5525001470 |
| 041 ## - ენის კოდი |
| Language code of text/sound track or separate title |
geo |
| 080 ## - უნივერსალური ათობითი კლასიფიკაციის ინდექსი |
| Universal Decimal Classification number |
087.5:902 ნ-16 |
| 100 ## - მთავარი ჩანაწერი - პიროვნების სახელი |
| Personal name |
ნადირაძე, ჯურხა |
| 9 (RLIN) |
18635 |
| 245 ## - ცნობა სათაურის შესახებ |
| Title |
მზით განათებული ათასწლეულები : |
| Remainder of title |
[მეცნიერულ-მხატვრული ნარკვევები არქეოლოგიაზე] / |
| Statement of responsibility, etc |
ჯურხა ნადირაძე; რედ. მ. სოხაძე. |
| 250 ## - გამოცემის ცნობა |
| Edition statement |
[1-ლი-მე-2 გამოცემა]. |
| 264 ## - წარმოების, გამოცემის, დისტრიბუციის და სხვა ცნობები |
| გამოცემის, წარმოების, დისტრიბუციის... ადგილი |
თბილისი : |
| გამოცემის, წარმოების, დისტრიბუციის... სახელწოდება |
ნაკადული, |
| გამოცემის, წარმოების, დისტრიბუციის... თარიღი |
1989. |
| 300 ## - ფიზიკური აღწერა |
| Extent |
271 გვ. ; |
| Other physical details |
22 სმ. |
| 653 ## - INDEX TERM--UNCONTROLLED |
| Uncontrolled term |
ალეზის კულტურა |
| 653 ## - INDEX TERM--UNCONTROLLED |
| Uncontrolled term |
ადრე ბრინჯაოს ხანის კულტურა |
| 653 ## - INDEX TERM--UNCONTROLLED |
| Uncontrolled term |
საირხის საგანძური |
| 700 ## - ADDED ENTRY--PERSONAL NAME |
| Personal name |
სოხაძე, მ. |
| Relator term |
რედაქტორი |
| 9 (RLIN) |
18636 |
| 942 ## - ADDED ENTRY ELEMENTS (KOHA) |
| Source of classification or shelving scheme |
|
| Koha item type |
წიგნი |